000 00798nam a22002057a 4500
008 090305t xxu||||| |||| 00| 0 eng d
010 _aENG-93093
020 _c250.00
035 _aEN-76626
037 _bDBAD / PUB
040 _adpl
_bEnglish
082 _a343.540944
245 _aTamil Nadu Moter Vehicle Rules 1989 /
_ccompiled by Ajmal Khan...[et al]
260 _aMadurai
_bAccount Test Centre
_c2008
270 _aP.B. No. 777, No. 1, Convent Lane, Kamarajar Salai,
_bMadurai
_e625009
300 _a318p.
_c24cm (pbk)
700 _aAjmal Khan
942 _2ddc
_cEN
_mTAM
_h343.540944
999 _c24917
_d24917